Падение жирондистов. Народное восстание в Париже 31 мая - 2 июня 1793 года (Запис № 318170)

МАРК-запис
000 -Лідер
fixed length control field 00734nam a22002537a 4500
003 - Ідентифікатор контрольного номера
control field UA-OsUOA
001 - Контрольний номер
control field 31740
007 - Фіксоване поле фізичного опису
fixed length control field ta
008 - Елементи даних фіксованої довжини – загальна інформація
fixed length control field 20050111b un ||||| |||| 00| 0 ukr d
090 ## - Локальний шифр розміщення
Класифікаційний індекс УДК 94(44)
Авторський знак (НП) Г68
040 ## - Джерело каталогізації
Агенція оригінальної каталогізації UA-OsUOA
Мова каталогізації rus
Агенція, яка здійснювала перезапис UA-OsUOA
Агенція, яка здійснювала модифікацію UA-OsUOA
041 ## - Код мови
Код мови тексту/ звукової доріжки чи окремого заголовка (П) rus
080 ## - Індекс Універсальної десяткової класифікації
Індекс Універсальної десяткової класифікації (УДК) (НП) 94(44)
020 ## - Міжнародний стандартний книжковий номер (ISBN)
Міжнародний стандартний книжковий номер (ISBN) (НП) 5-02-008935-4
044 ## - Код країни видавця/ виробника
Код країни видавця/ виробника (П) RU
100 ## - Основне введення – ім’я особи
Ім’я особи (НП) Гордон А. В.
245 ## - Відомості про назву
Назва (НП) Падение жирондистов. Народное восстание в Париже 31 мая - 2 июня 1793 года
Дані про відповідальність (НП) А. В. Гордон; Ред. А. В. АдоРед. А. В.Адо
260 ## - Публікація, розповсюдження і т.п. (Вихідні дані)
Місце публікації, розповсюдження і т.п. (П) Москва
Ім’я/ наймення видавництва, розповсюджувача і т.п. (П) Наука
Дата публікації, розповсюдження і т.п. (П) 1988
300 ## - Фізичний опис
Обсяг 152 с.
650 #7 - Додаткове предметне введення – тематичний термін
Джерело заголовка чи терміна UDC
942 ## - Додаткові елементи входу (Коха)
Тип елемента Koha Книги
955 ## - Код типу видання за змістом
Код типу видання за змістом (НП) інше
Фонди
Стан вилучень Стан втрат Джерело класифікації або схеми стелажів Стан уражень Не для кредиту Постійне місце розташування Поточне розміщення Дата придбання Вартість, звичайна ціна покупки Інвентарний номер Усього замовленно Повний номер виклику Штрих-код Дата останнього перегляду Ціна ефективна від Тип елемента Koha
    Universal Decimal Classification     ЧЗ - Читальна зала ЧЗ - Читальна зала 11/01/2005 14.00 73311   94(44) Г68 73311 07/02/2022 11/01/2005 Книги